Ball Knowledge #2 - Statistics

General Stats
  • This quiz has been taken 76 times
  • The average score is 6 of 15
Answer Stats
Hint Answer % Correct
Somehow the second most famous person to be named Larry in sports Larry Fitzgerald
69%
Undersized Clemson Wide Receiver who was drafted by the Raiders in 2019 Hunter Renfrow
67%
Former Eagles and Dolphins Running Back who had a short but sweet prime in 2016 Jay Ajayi
60%
Former Giants Wide Receiver who made the Pro Bowl in 2012 Victor Cruz
55%
Former Cheifs Saftey who made a career comeback after beating cancer Eric Berry
53%
Kansas City Fullback nicknamed " The Nigerian Nightmare" Christian Okoye
52%
Legendary Titans Running Back who had an infamous rivalry with Ray Lewis Eddie George
38%
Quarterback who's brother is a UNC Basketball Legend Drake Maye
36%
Player nicknamed " The Wizard of Boz" Chris Boswell
34%
Strongest player in NFL History with a 700lb bench press Larry Allen
31%
Superbowl winning Running Back for the Denver Broncos who wore 22 CJ Anderson
29%
Former Colts Tight End who scored 13 TD's in his 2018 season Eric Ebron
29%
Oklahoma Legend who won Offensive ROY in 2010 for the Cardinals Sam Bradford
21%
Cowboys Linebacker who was a 2x Pro Bowler in 2015-16 Sean Lee
21%
Panther's Wide Receiver who had a controversial no-call catch in Superbowl 50 Jerricho Cotchery
7%
No matching quizzes found
Score Distribution
Percent of People with Each Score
Percentile by Number Answered
Your Score History
You have not taken this quiz